000 00739nam a22002297a 4500
003 UA-OsUOA
001 68720
007 ta
008 20100514b un ||||| |||| 00| 0 ukr d
100 _aГерасимчук З.В.
700 _aКуцай Н.С.
090 _a330(477)
_bГ37
942 _cSA
040 _aUA-OsUOA
_bukr
_cUA-OsUOA
_dUA-OsUOA
245 _aПроблеми та перспективи становлення інноваційного потенціалу в регіонах України
300 _aС.48-53
955 _a0
041 _aukr
080 _a330(477)
773 0 _w68718
_tРегіональна економіка
_dЛьвів
_d2010
_g1
650 7 _a330 Економіка взагалі
_2UDC
999 _c354977
_d354977